000 00364nam a22001457a 4500
020 _qPB.
040 _cFIZZA ISHAQ
082 _a808.042
_bRAM
100 _aFOWLER,RAMSEY H.
_9133559
245 _aTHE LITTLE BROWN HANDBOOK /
_cH.RAMSEY FOWLER.
250 _a8THED.
260 _aNEW YORK ;
_bLongman,
_c2001.
300 _a968 P. ;
_c8.5X5.2IN
942 _2ddc
_cBK
999 _c616490
_d616490